Povzbudzujúce nápoje

Bibliographic Details
Main Author: Bršiak, Viliam (Author)
Format: Article
Language:Slovak
ISSN:0322-8347
Subjects:

MARC

LEADER 00000nab a2200000 a 4500
001 vtls000804422
003 SK-MaSNL
005 20260304131744.0
008 250429c2002 xo 0 slo
015 |a SNBRB2002/09-26586 
035 |a CLN000156077 
035 |a urn:nbn:sk:snk-abaggv 
035 |a (urnnbn)urn:nbn:sk:snk:ar-a0an3x 
035 |a (uuid)6103ecf8-2e51-4295-895b-025c0da218ed 
040 |a SNKBUCL  |b slo  |c SNKBUCL  |e AACR2 
041 0 |a slo 
044 |a xo  |c SK 
080 |a 613.3:663.93:547.857.4  |2 1997 
080 |a 663.93  |2 1997 
080 |a 547.857.4  |2 1997 
100 1 |a Bršiak, Viliam  |4 aut  |9 296973 
245 1 0 |a Povzbudzujúce nápoje  |c Viliam Bršiak 
650 0 7 |a nápoje povzbudzujúce  |x látky stimulujúce  |x účinky fyziologické  |2 snkbucl  |9 1445542 
650 0 7 |a kofeín  |2 snkbucl  |9 23445 
650 0 7 |a teofylín  |2 snkbucl  |9 914081 
650 0 7 |a teobromín  |2 snkbucl  |9 1445543 
650 0 7 |a taurín  |2 snkbucl  |9 1445544 
655 7 |a články z novín a časopisov  |2 snkbucl  |9 267496 
773 0 |t Bezpečná práca  |g Roč. 33, č. 4 (2002), s. 33  |x 0322-8347 
850 |a Slovenská národná knižnica 
852 |a Slovenská národná knižnica 
954 |a odborná, vedecká literatúra pôvodná (slovenská)  |2 lita 
958 |a article14 
958 |a OND 
958 |a EUIPO 
992 |a RBX 
999 |c 2897621  |d 2899551